Logo BPK

Biblioteka

Politechniki Koszalińskiej

Wörterbuch der Landwirtschaft : (Rekord nr 27805)

Szczegóły MARC
000 -ETYKIETA REKORDU
podpole kontrolne o stałej długości 00459nam a2200157 i 4500
001 - NUMER KONTROLNY REKORDU
pole kontrolne bg
040 ## - ŹRÓDŁO KATALOGOWANIA
Instytucja, która utworzyła rekord BPK
041 ## - KOD JĘZYKA
Kod języka tekstu pol
080 ## - UNIWERSALNA KLASYFIKACJA DZIESIĘTNA - UKD
UKD 63
008 - POLE O STAŁEJ DŁUGOŚCI - DANE KONTROLNE
podpole kontrolne o stałej długości s pl f |000 0 pol
100 1# - NAZWA OSOBOWA
Nazwa osobowa HAENSCH, Gunther
245 #0 - TYTUŁ/ODPOWIEDZIALNOŚĆ
Tytuł Wörterbuch der Landwirtschaft :
Ciąg dalszy tytułu Deutsch-Englisch-Französisch-Spanisch-Russisch /
Pozostałe elementy strefy tytułu i oznaczenia odpowiedzialności Gunther Haensch, Anton Gisela de Haberkamp.
260 ## - STREFA ADRESU WYDAWNICZEGO
Miejsce wydania München :
Nazwa wydawcy/dystrybutora BLV,
Data publikacji, dystrybucji/powstania dokumentu 1976.
700 1# - HASŁO DODATKOWE - NAZWA OSOBOWA
Nazwa osobowa HABERKAMP, Anton Gisela
856 ## - LOKALIZACJA I DOSTĘP DO ELEKTRONICZNYCH DOKUMENTÓW ZDALNYCH
Link (URL) http://koha.tu.koszalin.pl/cgi-bin/koha/opac-detail.pl?biblionumber=27805
Tekst linku Katalog online BPK
942 ## - DODATKOWE ELEMENTY (KOHA)
Typ dokumentu Książka
Egzemplarze
Wycofany Status egzemplarza Uszkodzony Dostępność Lokalizacja stała Lokalizacja bieżąca Miejsce przechowywania Sygnatura Kod kreskowy Typ dokumentu
      Dostępny Biblioteka Politechniki Koszalińskiej Biblioteka Politechniki Koszalińskiej Wypożyczalnia BG 22863 01120936 Książka
© 2023 Biblioteka Politechniki Koszalińskiej :: KOHA